Assesssing quanlity and safety of animal feeds

Gespeichert in:
Bibliographische Detailangaben
Format: Buch
Sprache:Undetermined
Veröffentlicht: Rome, Italy FAO 2004
Schlagworte:
Tags: Tag hinzufügen
Keine Tags, Fügen Sie den ersten Tag hinzu!
Thư viện lưu trữ: Trung tâm Học liệu Trường Đại học Cần Thơ
LEADER 00470nam a2200169Ia 4500
001 CTU_69278
008 210402s9999 xx 000 0 und d
082 |a 664.9 
082 |b A844 
245 0 |a Assesssing quanlity and safety of animal feeds 
245 0 |c Mueller-Harvey ... [et al.] 
260 |a Rome, Italy 
260 |b FAO 
260 |c 2004 
650 |a Food processing,Farm products 
904 |i Minh 
980 |a Trung tâm Học liệu Trường Đại học Cần Thơ